[Event "SUI-ch op"]
[Site "Lenzerheide"]
[Date "2010.07.09"]
[Round "2"]
[White "Wirthensohn, Heinz"]
[Black "Broemel, Richard"]
[Result "1/2-1/2"]
[WhiteElo "2413"]
[BlackElo "2184"]
[PlyCount "103"]
[EventDate "2010.07.08"]
[EventType "swiss"]
[EventRounds "9"]
[EventCountry "SUI"]
[SourceTitle "CBM 137 Extra"]
[Source "ChessBase"]
[SourceDate "2010.09.01"]
[SourceVersion "1"]
[SourceVersionDate "2010.09.01"]
[SourceQuality "1"]

1. c4 c6 2. e4 d5 3. cxd5 cxd5 4. exd5 Qxd5 5. Nc3 Qd8 6. Bc4 e6 7. Nf3 Nf6 8. 0-0 Be7 9. d4 0-0 10. Re1 a6 11. Ne5 Nbd7 12. Bg5 Nb6 13. Bb3 Nfd5 14. Bxe7 Nxe7 15. Rc1 Nbd5 16. Qf3 b6 17. Nxd5 exd5 18. Rc3 Be6 19. Rec1 Qd6 20. a3 Rac8 21. Rxc8 Rxc8 22. Rxc8+ Nxc8 23. Qc3 Ne7 24. Bc2 g6 25. Bd3 a5 26. Bb5 Kg7 27. g3 h5 28. h4 Bf5 29. Kh2 Be6 30. Nd3 Nf5 31. Kg2 Kh7 32. Ne5 Kg7 33. Bd3 Ne7 34. b4 axb4 35. axb4 f6 36. Nf3 Bd7 37. Ng1 Bg4 38. f3 Bd7 39. Ne2 g5 40. hxg5 fxg5 41. Qc1 Kf6 42. b5 Nf5 43. Bxf5 Bxf5 44. Nc3 Bd7 45. f4 gxf4 46. Qxf4+ Qxf4 47. Nxd5+ Kf5 48. gxf4 Bxb5 49. Kg3 Be2 50. Nxb6 h4+ 51. Kxh4 Kxf4 52. Nd5+ 1/2-1/2

[Event "Oberliga Ost-A 0910"]
[Site "Germany"]
[Date "2009.11.29"]
[Round "4.7"]
[White "Rohne, Lars"]
[Black "Broemel, Richard"]
[Result "1/2-1/2"]
[WhiteElo "2135"]
[BlackElo "2163"]
[PlyCount "32"]
[EventDate "2009.10.18"]
[EventType "team-tourn"]
[EventRounds "11"]
[EventCountry "GER"]
[SourceTitle "EXT 2011"]
[Source "ChessBase"]
[SourceDate "2010.11.26"]
[SourceVersion "1"]
[SourceVersionDate "2010.11.26"]
[SourceQuality "1"]
[WhiteTeam "Leipzig VfB"]
[BlackTeam "Jena Schott"]
[WhiteTeamCountry "GER"]
[BlackTeamCountry "GER"]

1. e4 c6 2. d3 d5 3. Nd2 g6 4. Ngf3 Bg4 5. Be2 e6 6. 0-0 Bg7 7. Re1 Ne7 8. c3 Nd7 9. Nf1 0-0 10. Qc2 Rc8 11. Qa4 Bxf3 12. Bxf3 Nc5 13. Qc2 dxe4 14. Bxe4 Nd5 15. d4 Nxe4 16. Qxe4 b6 1/2-1/2

[Event "GER-ch Teachers"]
[Site "Friedrichroda"]
[Date "2007.08.11"]
[Round "5.6"]
[White "Broemel, Richard"]
[Black "Roggon, Bernd"]
[Result "1/2-1/2"]
[WhiteElo "2176"]
[BlackElo "2053"]
[PlyCount "33"]
[EventDate "2007.08.08"]
[EventType "swiss"]
[EventRounds "7"]
[EventCountry "GER"]
[SourceTitle "CBM 120 Extra"]
[Source "ChessBase"]
[SourceDate "2007.11.01"]
[SourceVersion "1"]
[SourceVersionDate "2007.11.01"]
[SourceQuality "1"]

1. d4 Nf6 2. Bf4 c5 3. dxc5 Nc6 4. e3 Qa5+ 5. c3 Qxc5 6. Nd2 g6 7. Ngf3 Bg7 8. Be2 0-0 9. 0-0 d6 10. Nc4 a5 11. a4 Bg4 12. Nfd2 Bxe2 13. Qxe2 b5 14. axb5 Qxb5 15. Qd3 Rfd8 16. e4 Nd7 17. Ra2 1/2-1/2

[Event "GER-ch Teachers"]
[Site "Friedrichroda"]
[Date "2007.08.09"]
[Round "2.5"]
[White "Preusse, Goetz"]
[Black "Broemel, Richard"]
[Result "0-1"]
[WhiteElo "1367"]
[BlackElo "2176"]
[PlyCount "44"]
[EventDate "2007.08.08"]
[EventType "swiss"]
[EventRounds "7"]
[EventCountry "GER"]
[SourceTitle "CBM 120 Extra"]
[Source "ChessBase"]
[SourceDate "2007.11.01"]
[SourceVersion "1"]
[SourceVersionDate "2007.11.01"]
[SourceQuality "1"]

1. e4 c6 2. d4 g6 3. c4 d5 4. exd5 cxd5 5. Nc3 Nf6 6. h3 Bg7 7. Nf3 0-0 8. c5 Nc6 9. Bf4 Ne4 10. Be3 e5 11. Nxe4 dxe4 12. d5 Nb4 13. Ng5 Nxd5 14. Bc4 Qa5+ 15. Bd2 Qxc5 16. Rc1 h6 17. Be3 Nxe3 18. Bxf7+ Kh8 19. Qd2 Nxg2+ 20. Kf1 Ne3+ 21. Ke1 Ng2+ 22. Kf1 Qd4 0-1

[Event "Oberliga Ost-B 0405"]
[Site "Germany"]
[Date "2005.01.30"]
[Round "8.3"]
[White "Broemel, Richard"]
[Black "Herges, Udo"]
[Result "0-1"]
[WhiteElo "2184"]
[BlackElo "2170"]
[PlyCount "68"]
[EventDate "2004.10.10"]
[EventType "team-tourn"]
[EventRounds "11"]
[EventCountry "GER"]
[SourceTitle "EXT 2006"]
[Source "ChessBase"]
[SourceDate "2005.11.24"]
[SourceVersion "1"]
[SourceVersionDate "2005.11.24"]
[SourceQuality "1"]
[WhiteTeam "Jena Glas"]
[BlackTeam "Frankfurt FTG"]
[WhiteTeamCountry "GER"]
[BlackTeamCountry "GER"]

1. d4 Nf6 2. Nf3 d6 3. Bf4 g6 4. c3 Bg7 5. e3 0-0 6. Bc4 Nfd7 7. 0-0 Nc6 8. a3 e5 9. Bg3 Nb6 10. Bb5 Qe7 11. Bxc6 bxc6 12. dxe5 dxe5 13. e4 Ba6 14. Re1 Rfd8 15. Qc1 Rd3 16. a4 Rad8 17. Na3 Nxa4 18. Qc2 Nb6 19. Nb1 Bb5 20. Rxa7 R3d7 21. Na3 Bd3 22. Qb3 Kh8 23. h3 f6 24. Ra5 Qf7 25. Qxf7 Rxf7 26. Bh4 Rfd7 27. Ra7 g5 28. Bg3 h5 29. h4 g4 30. Nh2 Bxe4 31. Rxe4 Rd1+ 32. Nf1 Rc1 33. Rxc7 Rdd1 34. Bxe5 g3 0-1

[Event "Oberliga Ost-A 0203"]
[Site "Germany"]
[Date "2002.12.15"]
[Round "4.1"]
[White "Becker, Michael"]
[Black "Broemel, Richard"]
[Result "1-0"]
[WhiteElo "2289"]
[BlackElo "2198"]
[PlyCount "89"]
[EventDate "2002.10.20"]
[EventType "team-tourn"]
[EventRounds "11"]
[EventCountry "GER"]
[SourceTitle "EXT 2004"]
[Source "ChessBase"]
[SourceDate "2003.11.25"]
[SourceVersion "1"]
[SourceVersionDate "2003.11.25"]
[SourceQuality "1"]
[WhiteTeam "Halle USV"]
[BlackTeam "Jena Glas"]
[WhiteTeamCountry "GER"]
[BlackTeamCountry "GER"]

1. e4 c6 2. d4 g6 3. Nc3 d5 4. h3 Bg7 5. Nf3 Nh6 6. Bf4 f6 7. exd5 cxd5 8. Nb5 Na6 9. c4 0-0 10. cxd5 Qxd5 11. Nc3 Qa5 12. Bc4+ Nf7 13. 0-0 g5 14. Bg3 g4 15. hxg4 Bxg4 16. Re1 Qb4 17. Qb3 Bxf3 18. gxf3 Rad8 19. Nd5 Qxb3 20. Nxe7+ Kh8 21. axb3 Rxd4 22. Nf5 Rd7 23. Rad1 Rxd1 24. Rxd1 Ne5 25. Bxe5 fxe5 26. Nxg7 Kxg7 27. Rd7+ Kh6 28. Rxb7 Nb8 29. Bd5 Na6 30. Rxa7 Nc5 31. Re7 Nd3 32. Be4 Ne1 33. Rxh7+ Kg5 34. Rg7+ Kh4 35. Rg4+ Kh5 36. Kf1 Nxf3 37. Bxf3 Rxf3 38. Rg3 Rf4 39. Re3 e4 40. b4 Kg5 41. b5 Kf5 42. b6 Rh4 43. b7 Rh8 44. Rb3 Rb8 45. Rb5+ 1-0

[Event "Oberliga Ost-A 9900"]
[Site "Germany"]
[Date "2000.03.12"]
[Round "9.2"]
[White "Erler, Rainer"]
[Black "Broemel, Richard"]
[Result "1-0"]
[WhiteElo "2147"]
[BlackElo "2220"]
[PlyCount "55"]
[EventDate "1999.10.??"]
[EventType "team-tourn"]
[EventRounds "11"]
[EventCountry "GER"]
[SourceTitle "EXT 2002"]
[Source "ChessBase"]
[SourceDate "2001.11.25"]
[SourceVersion "1"]
[SourceVersionDate "2001.11.25"]
[SourceQuality "1"]

1. e4 c6 2. d4 g6 3. Nc3 d5 4. h3 Bg7 5. Nf3 Nh6 6. Bd3 0-0 7. 0-0 f6 8. Re1 Nf7 9. e5 Qc7 10. Bf4 fxe5 11. Nxe5 Nxe5 12. Bxe5 Bxe5 13. Rxe5 Rf6 14. Qd2 e6 15. Rd1 Qf7 16. Qe2 Bd7 17. Na4 b6 18. c4 dxc4 19. Be4 Na6 20. Qxc4 b5 21. Qe2 bxa4 22. Qxa6 Rxf2 23. Bxc6 Rf8 24. Bf3 Rxb2 25. d5 Rb6 26. Qe2 Bb5 27. dxe6 Qf4 28. Rxb5 1-0

[Event "Oberliga Ost-A 9900"]
[Site "Germany"]
[Date "2000.02.20"]
[Round "8.2"]
[White "Broemel, Richard"]
[Black "Csulits, Anton"]
[Result "1/2-1/2"]
[WhiteElo "2220"]
[BlackElo "2304"]
[PlyCount "128"]
[EventDate "1999.10.??"]
[EventType "team-tourn"]
[EventRounds "11"]
[EventCountry "GER"]
[SourceTitle "EXT 2002"]
[Source "ChessBase"]
[SourceDate "2001.11.25"]
[SourceVersion "1"]
[SourceVersionDate "2001.11.25"]
[SourceQuality "1"]

1. d4 Nf6 2. Bf4 c5 3. e3 Qb6 4. Nc3 cxd4 5. Qxd4 Qxb2 6. Rb1 Qa3 7. Rb3 Qc1+ 8. Nd1 Nc6 9. Qd3 e5 10. Bxe5 Nb4 11. Rxb4 Bxb4+ 12. c3 Be7 13. Bd6 Bxd6 14. Qxd6 Qb1 15. Qe5+ Kf8 16. Qd6+ Kg8 17. Nf3 Qb6 18. Qe7 d5 19. Nd4 Bd7 20. Bd3 g6 21. 0-0 Kg7 22. c4 Rhe8 23. Qa3 dxc4 24. Bxc4 Ne4 25. Bd5 Qd6 26. Qb2 Nf6 27. Bf3 Bc6 28. Nc3 Kg8 29. Ncb5 Qe5 30. Qb3 Rec8 31. h3 a6 32. Nxc6 bxc6 33. Nd4 Rab8 34. Qc4 c5 35. Nc6 Rxc6 36. Bxc6 Rb4 37. Qxa6 c4 38. Qc8+ Kg7 39. Bf3 Qb2 40. Qc5 c3 41. Qc6 c2 42. g4 h6 43. Kg2 Qxa2 44. Rc1 Rc4 45. Qd6 Qb2 46. Qd2 g5 47. Kg1 Nd7 48. Bd5 Ne5 49. Kg2 Rc5 50. Be4 Rc4 51. Rxc2 Rxc2 52. Qxc2 Qxc2 53. Bxc2 Nc4 54. Bb3 Nd6 55. f4 f5 56. Kf3 Kf6 57. Bc2 gxf4 58. exf4 fxg4+ 59. Kxg4 Ne8 60. Ba4 Ng7 61. Bd7 Ke7 62. Bc8 Kd8 63. f5 Ke7 64. Kf4 Kf6 1/2-1/2

[Event "Oberliga Ost-A 9900"]
[Site "Germany"]
[Date "1999.12.12"]
[Round "4.2"]
[White "Broemel, Richard"]
[Black "Kastner, Peter"]
[Result "1/2-1/2"]
[WhiteElo "2220"]
[BlackElo "2162"]
[PlyCount "22"]
[EventDate "1999.10.??"]
[EventType "team-tourn"]
[EventRounds "11"]
[EventCountry "GER"]
[SourceTitle "EXT 2002"]
[Source "ChessBase"]
[SourceDate "2001.11.25"]
[SourceVersion "1"]
[SourceVersionDate "2001.11.25"]
[SourceQuality "1"]

1. d4 Nf6 2. c4 e6 3. Nc3 d5 4. Nf3 Be7 5. Bf4 0-0 6. e3 c5 7. a3 cxd4 8. exd4 dxc4 9. Bxc4 a6 10. 0-0 b5 11. Ba2 Bb7 1/2-1/2

[Event "Oberliga Ost-A 9900"]
[Site "Germany"]
[Date "1999.11.06"]
[Round "2.2"]
[White "Broemel, Richard"]
[Black "Walther, Hans Wolfgang"]
[Result "0-1"]
[WhiteElo "2220"]
[BlackElo "2232"]
[PlyCount "78"]
[EventDate "1999.10.??"]
[EventType "team-tourn"]
[EventRounds "11"]
[EventCountry "GER"]
[SourceTitle "EXT 2002"]
[Source "ChessBase"]
[SourceDate "2001.11.25"]
[SourceVersion "1"]
[SourceVersionDate "2001.11.25"]
[SourceQuality "1"]

1. d4 d5 2. Nf3 Nf6 3. Bf4 g6 4. e3 Bg7 5. Bd3 c5 6. c3 cxd4 7. exd4 Nc6 8. 0-0 0-0 9. Re1 Bg4 10. Nbd2 Nh5 11. Bg5 Qd6 12. h3 Bd7 13. Nb3 f6 14. Bh4 e5 15. dxe5 fxe5 16. Bc4 Nf4 17. Bg5 Be6 18. Re3 h6 19. Bh4 g5 20. Nxg5 hxg5 21. Bxg5 Ne7 22. Bd3 Nxd3 23. Qxd3 Nf5 24. Re2 Rae8 25. Rae1 Bd7 26. g4 Nh6 27. Na5 Nf7 28. Bc1 b6 29. Nb3 e4 30. Qd1 Ne5 31. Nd4 Nf3+ 32. Nxf3 Rxf3 33. Rxe4 Ref8 34. Be3 Rxh3 35. Bf4 Rxf4 36. Rxf4 Qxf4 37. Qxd5+ Qf7 38. Qa8+ Bf8 39. Kg2 Bxg4 0-1